000 00394nam a22001697a 4500
003 OSt
005 20241029145825.0
008 241029b |||||||| |||| 00| 0 eng d
040 _cMRSPTU
082 _a630
_bAR-F
100 _aArya, R.L.
245 _aFundamentals of Agronomy
260 _aJodhpur
_bScientific Pub.
_c2020
300 _a170
650 _aAgriculture
942 _2ddc
_cBK
_n0
999 _c10409
_d10409